| 000 | 01144cam a22003011 4500 | ||
|---|---|---|---|
| 001 | gs 63000249 | ||
| 003 | DLC | ||
| 005 | 20260227111412.0 | ||
| 008 | 770412s1963 dcuab b f000 0 eng | ||
| 010 | _ags 63000249 | ||
| 035 | _a(OCoLC)2881767 | ||
| 040 |
_aDLC _cNSbSU _dNSbSU _dDLC |
||
| 042 | _apremarc | ||
| 050 | 0 | 0 |
_aQE75 _b.P9 no. 425 |
| 100 | 1 |
_aErickson, Ralph Leroy, _d1923- |
|
| 245 | 1 | 0 |
_aGeochemistry and petrology of the alkalic igneous complex at Magnet Cove, Arkansas, _cby R. L. Erickson and L. V. Blade. |
| 260 |
_aWashington, _bU.S. Govt. Print. Off., _c1963. |
||
| 300 |
_av, 95 p. _b3 fold. maps (in pocket, 1 col.) diagrs., tables. _c29 cm. |
||
| 410 | 2 | 0 |
_aGeological Survey (U.S.). _tProfessional paper _v425 |
| 500 | _a"Prepared in cooperation with the Defense Minerals Procurement Agency." | ||
| 504 | _aBibliography: p. 90-91. | ||
| 650 | 0 |
_aGeology _zArkansas _zMagnet Cove. |
|
| 650 | 0 |
_aPetrology _zArkansas _zMagnet Cove. |
|
| 650 | 0 | _aIgneous rocks. | |
| 650 | 0 |
_aRocks _xAnalysis. |
|
| 700 | 1 |
_aBlade, Lawrence Vernon, _d1917- _ejoint author |
|
| 740 | 0 | _aAlkalic igneous complex at Magnet Cove, Arkansas | |
| 999 |
_c29726 _d29726 |
||